PAINTING OF STEEL BRIDGES AND OTHER STRUCTURES (Record no. 547220)
[ view plain ]
| 000 -LEADER | |
|---|---|
| fixed length control field | 00472 a2200157 4500 |
| 020 ## - INTERNATIONAL STANDARD BOOK NUMBER | |
| International Standard Book Number | 0-442-23499-6 |
| 082 ## - DEWEY DECIMAL CLASSIFICATION NUMBER | |
| Classification number | 624.28 HAR |
| Author Mark | L-37-P-117 |
| 090 ## - LOCALLY ASSIGNED LC-TYPE CALL NUMBER (OCLC); LOCAL CALL NUMBER (RLIN) | |
| -- | 3219 |
| -- | 3219 |
| 100 ## - MAIN ENTRY--PERSONAL NAME | |
| Personal name | HARE, CLIVE H |
| 9 (RLIN) | 43395 |
| 245 ## - TITLE STATEMENT | |
| Title | PAINTING OF STEEL BRIDGES AND OTHER STRUCTURES |
| 260 ## - PUBLICATION, DISTRIBUTION, ETC. | |
| Place of publication, distribution, etc. | NEW YARK |
| Name of publisher, distributor, etc. | VAN NOSTRAND REINHOLD |
| Date of publication, distribution, etc. | 1990 |
| 300 ## - PHYSICAL DESCRIPTION | |
| Extent | XIV, 303P. HB |
| Dimensions | 24CM |
| 500 ## - GENERAL NOTE | |
| General note | STEEL BRIDGES |
| 526 ## - STUDY PROGRAM INFORMATION NOTE | |
| Program name | 0 |
| Interest level | 0 |
| Reading level | 0 |
| Title point value | 624_280000000000000_HAR_L37P11 |
| 942 ## - ADDED ENTRY ELEMENTS (KOHA) | |
| Source of classification or shelving scheme | |
| Institution code [OBSOLETE] | MCE |
| Koha item type | |
| Call number prefix | 624.28 HAR |
| Withdrawn status | Lost status | Source of classification or shelving scheme | Damaged status | Not for loan | Permanent Location | Current Location | Date acquired | Total Checkouts | Full call number | Barcode | Date last seen | Price effective from | Koha item type |
|---|---|---|---|---|---|---|---|---|---|---|---|---|---|
| Military College of Engineering (MCE) | Military College of Engineering (MCE) | 07/04/2014 | 624.28 HAR L-37-P-117 | MCE-28830 | 07/04/2014 | 07/04/2014 |
